Normal view
MARC view
Entry Personal Name
001 - CONTROL NUMBER
- control field: 10647
003 - CONTROL NUMBER IDENTIFIER
- control field: BD-RjUL
005 - DATE AND TIME OF LATEST TRANSACTION
- control field: 20231221120957.0
008 - FIXED-LENGTH DATA ELEMENTS
- fixed length control field: 231221|| aca||aabn | a|a d
040 ## - CATALOGING SOURCE
- Original cataloging agency: BD-RjUL
- Transcribing agency: BD-RjUL
100 ## - HEADING--PERSONAL NAME
- Personal name: Dutta, Sudhindranath
670 ## - SOURCE DATA FOUND
- Source citation: Work cat.: (BD-RjUL)76568: দত্ত, সুধীন্দ্রনাথ 162279, অর্কেস্ট্রা /, ২০১৭